000 01385namaa2200325 i 4500
003 EG-GICUC
005 20260411135146.0
008 260411s1975 ua ||||jr|||| 000 p ara d
017 _a1975 / 2674
_bدار الكتب والوثائق القومية (مصر)
040 _aEG-GiCUC
_bara
_cEG-GiCUC
_dEG-GiCUC
_erda
082 0 4 _221
_a811.92
_bM9922q
092 0 4 _221
_a811.92
_bM9922q
099 _a811.92 M9922q
100 1 _aالقاضى، النعمان
_eمؤلف.
245 1 0 _aكافوريات أبى الطيب :
_bدراسة نقدية /
_cدكتور النعمان القاضى
264 _aالقاهرة (مصر) :
_bمركز كتب الشرق الاوسط ومكتبتها،
_c1975
300 _a456 صفحة ؛
_c24 سم
336 _2rdacontent
_atext
337 _2rdamedia
_aUnmediated
338 _2rdacarrier
_avolume
504 _aيشتمل على ارجاعات ببليوجرافية.
541 _aد./ جابر عصفور ؛
_bالقاهرة ؛
_cإهداء ؛
_d2024.
600 1 0 _aالمتنبي، أبو الطيب أحمد بن الحسين،
_d915 أو 916-965.
_tكافوريات
650 1 7 _aالشعراء العرب
_2qrmak
650 1 7 _aالشعر العربى
_xتاريخ
_yالعصر العباسى الثانى
650 1 7 _aالشعر العربى
_xتاريخ ونقد
651 1 _2qrmak
905 _aAmira
942 _2ddc
_cBK
_e21
_n0
999 _c179384
_d179384